000
00273nam a2200085Ia 4500
008
220120s9999||||xx |||||||||||||| ||und||
100
_a
Vinil Thimmaiah
_9
12221
245
0
_a
Wireless data acquisition and control system
260
_a
Coorg Institute of Technology
_b
Ponnampet
_c
2009
999
_c
137807
_d
137807